| 000 | 00695cam a22001811 4500 | ||
|---|---|---|---|
| 082 | 0 | 0 |
_a511.322 _bDIN _cL-2, P-72 |
| 100 | 1 |
_aDinkines, Flora, _939086 |
|
| 245 | 1 | 0 |
_aElementary theory of sets _b Elementary concepts of modern mathematics. |
| 260 |
_aNew York, _bAppleton-Century-Crofts _c[1964] |
||
| 300 |
_ax, 457 p. _billus. _c22 cm. |
||
| 490 | 0 | _aThe Appleton-Century mathematics series | |
| 505 | 0 | _apt. 1. Elementary theory of sets.--pt. 2. Introduction to mathematical logic.--pt. 3. Abstract mathematical systems. | |
| 526 |
_a0 _b0 _c0 _d511_322000000000000_DIN |
||
| 650 | 0 |
_aArithmetic _xFoundations. _939087 |
|
| 650 | 0 |
_aMCE _9379 |
|
| 650 | 0 |
_aSet theory. _939088 |
|
| 942 |
_2ddc _cBK |
||
| 999 |
_c543645 _d543645 |
||